| 000 | 00808cam a22002294a 4500 | ||
|---|---|---|---|
| 999 |
_c57269 _d57269 |
||
| 001 | 16274604 | ||
| 003 | GE_BSU | ||
| 005 | 20221129115014.0 | ||
| 008 | 100609s2011 caua b 001 0 eng | ||
| 020 | _a9781412989183x | ||
| 041 | _aeng | ||
| 080 | _a159.922.7 L-62 | ||
| 100 | 1 |
_aLevine, Laura E. _96569 |
|
| 245 | 1 | 0 |
_aChild development : _ban active learning approach / _cLaura E. Levine, Joyce Munsch. |
| 264 |
_aLos Angeles, CA : _bSAGE, _c2011. |
||
| 300 |
_axxix, 574 p. : _bcol. ill. ; _c28 cm. |
||
| 504 | _aIncludes bibliographical references and index. | ||
| 653 | _aბავშვის ფსიქოლოგია | ||
| 653 | _aბავშვის განვითარების ეტაპები | ||
| 700 | 1 |
_aMunsch, Joyce. _96572 _eავტორი |
|
| 942 |
_2udc _cBK |
||